[Event "Bad Soden U10 op"]
[Site "Bad Soden"]
[Date "2019.10.05"]
[Round "6"]
[White "Hagen, Simon"]
[Black "Liu, Ruian Ray"]
[Result "0-1"]
[WhiteElo "1123"]
[BlackElo "968"]
[PlyCount "84"]
[EventDate "2019.10.03"]
[EventType "swiss"]
[EventRounds "9"]
[EventCountry "GER"]
[SourceTitle "CBM 192 Extra"]
[Source "Chessbase"]
[SourceDate "2019.11.06"]
[SourceVersion "1"]
[SourceVersionDate "2019.11.06"]
[SourceQuality "1"]

1. d4 Nf6 2. c4 e6 3. Nc3 Bb4 4. Bd2 0-0 5. a3 Bxc3 6. Bxc3 b6 7. e3 Bb7 8. Nf3 c5 9. Be2 Ne4 10. Qc2 cxd4 11. exd4 d5 12. 0-0 Nd7 13. Nd2 Nef6 14. Bb4 Re8 15. Bf3 Rb8 16. Rfe1 Ba6 17. b3 b5 18. c5 Bb7 19. Qd3 Bc6 20. Qc3 Ra8 21. Ba5 Qb8 22. a4 a6 23. Bb4 a5 24. Bxa5 e5 25. Bb4 bxa4 26. bxa4 Rxa4 27. Rxa4 Bxa4 28. h3 h6 29. Nb3 Bxb3 30. Qxb3 exd4 31. Rxe8+ Nxe8 32. Bxd5 Qf4 33. c6 Ne5 34. Qg3 Qc1+ 35. Kh2 Nxc6 36. Qd3 Nxb4 37. Qxd4 Nxd5 38. Qxd5 Qf4+ 39. Kg1 Nf6 40. Qd8+ Kh7 41. Qd3+ Qe4 42. Qd7 Nxd7 0-1

[Event "Bad Soden U10 op"]
[Site "Bad Soden"]
[Date "2019.10.05"]
[Round "5"]
[White "Shkundin, Maximilian"]
[Black "Hagen, Simon"]
[Result "1-0"]
[WhiteElo "1263"]
[BlackElo "1123"]
[PlyCount "47"]
[EventDate "2019.10.03"]
[EventType "swiss"]
[EventRounds "9"]
[EventCountry "GER"]
[SourceTitle "CBM 192 Extra"]
[Source "Chessbase"]
[SourceDate "2019.11.06"]
[SourceVersion "1"]
[SourceVersionDate "2019.11.06"]
[SourceQuality "1"]

1. e4 c5 2. Nf3 d6 3. d4 cxd4 4. Nxd4 Nf6 5. Nc3 a6 6. f3 e6 7. Be3 Be7 8. Qd2 0-0 9. 0-0-0 b5 10. a3 d5 11. e5 Ne8 12. g4 h6 13. Bd3 b4 14. axb4 Bxb4 15. Qf2 a5 16. h4 a4 17. Na2 Be7 18. g5 hxg5 19. hxg5 Bxg5 20. Bxg5 Qxg5+ 21. f4 Qe7 22. Rh8+ Kxh8 23. Qh2+ Kg8 24. Qh7# 1-0